US Presidential Visits Abroad Quiz Stats

 Plays Quiz Updated Aug 29, 2012

Score 0/22 Timer 02:00
6 Plays Today
Number Country % Correct
59United Kingdom
98.6%
46France
97.4%
39Germany
96.1%
11China
95.7%
33Mexico
94.4%
37Canada
94%
20Russia (incl. USSR)
93%
19Japan
90.3%
29Italy
87.6%
9Spain
87.3%
14Brazil
78.3%
Number Country % Correct
9Ireland
63.6%
17South Korea
58.4%
12Poland
55.9%
9Israel
53.7%
16Egypt
52.9%
9Switzerland
47.7%
16Belgium
44.3%
10Saudi Arabia
32.2%
12Panama
30.7%
9Philippines
24.5%
20Vatican City
15.8%

You're not logged in!

Compare scores with friends on all Sporcle quizzes.
OR
Log In

You Might Also Like...

Show Comments

Extras

Top Quizzes Today


Score Distribution

Your Account Isn't Verified!

In order to create a playlist on Sporcle, you need to verify the email address you used during registration. Go to your Sporcle Settings to finish the process.

Report this User

Report this user for behavior that violates our Community Guidelines.

Details: